000 00899nam a22002777a 4500
003 DO-SdBNP
005 20180216142646.0
008 160718 1990 sp a spa d
020 _a8434817233
040 _aBPMSU
_bspa
_cBPMSU
082 0 4 _axxxxxx
_bxxxxxx
100 1 _aSeifert, Jaroslav
_d1901-
245 1 3 _aLa canción del manzano /
_cJaroslav Seifert ; ilustraciones Josef Palecek ; traducción Emilio Ortega
250 _a2a. ed.
260 _aMadrid :
_bSM,
_c1990.
300 _a[24] p. :
_bil. ;
_c30 cm.
490 0 _aCuentos de la torre y la estrella
_v19
500 _aIncluye datos biográficos del autor.
586 _aPremio Nobel de literatura, 1984.
700 1 2 _aPalacek, Josef
_eil.
700 1 2 _aOrtega, Emilio
_etrad.
830 0 _aCuentos de la torre y la estrella
_n19
942 _2ddc
_cBK
945 _aInventariado, 2018 / BT
956 _2YLOCKWARD
_310
_8BPMSU
_a00144
999 _c12505
_d12505